[Event "Quezon City U1800 op"]
[Site "Quezon City"]
[Date "2025.05.03"]
[Round "1"]
[White "Rivera, Jared Zach"]
[Black "Ellis, Arnel"]
[Result "0-1"]
[WhiteElo "1442"]
[BlackElo "1755"]
[PlyCount "120"]
[EventDate "2025.05.03"]
[EventType "swiss"]
[EventRounds "7"]
[EventCountry "PHI"]
[SourceTitle "CB19_2025"]
[SourceDate "2025.05.07"]
[SourceVersion "1"]
[SourceVersionDate "2025.05.07"]
[SourceQuality "1"]

1. e4 b6 2. d4 Bb7 3. Nc3 e6 4. Nf3 Bb4 5. Bd3 Nf6 6. Qe2 d5 7. e5 Ne4 8. Bd2 Bxc3 9. Bxc3 a5 10. 0-0 0-0 11. Bxe4 dxe4 12. Nd2 Qd5 13. Qg4 Nd7 14. Rfe1 f5 15. exf6 Nxf6 16. Qg3 Nh5 17. Qe3 Nf6 18. f3 exf3 19. Nxf3 Rae8 20. Qe5 Qc6 21. Re2 Qc4 22. Nd2 Qc6 23. Rae1 Nd5 24. Qg3 Nxc3 25. bxc3 Rf6 26. Ne4 Rg6 27. Qh3 Qc4 28. Rf2 Bxe4 29. Rxe4 Qxa2 30. Ref4 Qd5 31. Rh4 h6 32. Qd3 Rg5 33. Rhf4 Rf5 34. Rxf5 exf5 35. Rxf5 Qe4 36. Qc4+ Qe6 37. Qb5 c6 38. Qf1 Qe3+ 39. Kh1 Qxc3 40. Re5 Rxe5 41. dxe5 Qxe5 42. h3 b5 43. Qf3 Qd5 44. Qf2 a4 45. Qe1 a3 46. Qa1 b4 47. Kg1 c5 48. Kf1 Qc4+ 49. Ke1 Qc3+ 50. Qxc3 bxc3 51. Ke2 a2 52. Kd3 a1Q 53. g4 Kf7 54. h4 Ke6 55. h5 Kd5 56. Ke3 Qc1+ 57. Kf2 Ke4 58. Kg3 Qg1+ 59. Kh3 Kf3 60. g5 Qh1# 0-1